Felo Monzón / (Record no. 16937)

MARC details
000 -LEADER
campo de control de longitud fija 00836nam a2200265 4500
001 - NÚMERO DE CONTROL
campo de control 16937
003 - IDENTIFICADOR DE NÚMERO DE CONTROL
campo de control ES-MaACL
005 - FECHA Y HORA DE LA ÚLTIMA TRANSACCIÓN
campo de control 20250807012153.0
007 - CAMPO FIJO DE DESCRIPCIÓN FÍSICA--INFORMACIÓN GENERAL
campo de control de longitud fija t|
008 - DATOS DE LONGITUD FIJA--INFORMACIÓN GENERAL
campo de control de longitud fija 001124s19860000sp a ||||0| spa d
016 7# - NÚMERO DE CONTROL DE UNA AGENCIA BIBLIOGRÁFICA NACIONAL
Número de control cancelado/no válido IBH8705216872
020 ## - NÚMERO INTERNACIONAL ESTÁNDAR DEL LIBRO
Número Internacional Estándar del Libro 84-398-6553-8
040 ## - FUENTE DE CATALOGACIÓN
Centro catalogador/agencia de origen IBH
Lengua de catalogación spa
Centro/agencia transcriptor M-BN-DP
080 ## - NÚMERO DE LA CLASIFICACIÓN DECIMAL UNIVERSAL
Número de la Clasificación Decimal Universal 75 Monzón, Felo
100 1# - ENTRADA PRINCIPAL--NOMBRE DE PERSONA
Nombre de persona Monzón, Felo.
9 (RLIN) 82775
245 10 - MENCIÓN DEL TÍTULO
Título Felo Monzón /
Mención de responsabilidad, etc. [edición al cuidado de Lázaro Santana].
260 ## - PUBLICACIÓN, DISTRIBUCIÓN, ETC.
Lugar de publicación, distribución, etc. [Las Palmas de Gran Canaria :
Nombre del editor, distribuidor, etc. Gobierno de Canarias,
Fecha de publicación, distribución, etc. 1986]
300 ## - DESCRIPCIÓN FÍSICA
Extensión 123 p :
Otras características físicas il ;
Dimensiones 29 cm.
500 ## - NOTA GENERAL
Nota general Con motivo del Día de Canarias, 30 de mayo de 1986.
600 14 - PUNTO DE ACCESO ADICIONAL DE MATERIA--NOMBRE DE PERSONA
Nombre de persona Monzón, Felo.
9 (RLIN) 82775
700 0# - ENTRADA AGREGADA--NOMBRE PERSONAL
Nombre de persona Santana, Lázaro,
Fechas asociadas al nombre 1940-
9 (RLIN) 103324
710 1# - ENTRADA AGREGADA--NOMBRE DE ENTIDAD CORPORATIVA
Nombre de entidad corporativa o nombre de jurisdicción como elemento de entrada Canarias.
Unidad subordinada Gobierno
9 (RLIN) 241613
852 ## - LOCALIZACIÓN
Ubicación ES-MaACL
Número de control de estantería G-3582
Sublocalización o colección R.116060
Holdings
Estatus retirado Estado de pérdida Estado de daño No para préstamo Biblioteca de origen Biblioteca actual Ubicación en estantería Fecha de adquisición Fuente de adquisición Total de préstamos Signatura topográfica completa Código de barras Visto por última vez Precio de reemplazo Tipo de ítem Koha
        Biblioteca del Ateneo de Madrid Biblioteca del Ateneo de Madrid Depósito 2 17/01/2008     G-3582 1017203 23/02/2023 23/02/2023 Libro impreso